000
00270nam a2200109Ia 4500
008
200302s9999 xx 000 0 und d
100
_a
Sutherland Lyall
245
_a
The State of British Architecture
260
_b
The Architectural Press
260
_c
1980
300
_a
154 P.,
999
_c
49
_d
49